Which president killed a man? : Tantalizing trivia and fun facts about our chief executives and first ladies

Written by a White House speechwriter who actually served five presidents, this irresistible collection of presidential trivia reveals the more colorful side of American history. Following a QAndA format and organized around 31 themes, Which President Killed a Man? will captivate trivia fans and his...

全面介紹

Đã lưu trong:
書目詳細資料
主要作者: Humes, James C.
格式: 圖書
語言:Undetermined
出版: Chicago Contemporary Books 2003
主題:
標簽: 添加標簽
沒有標簽, 成為第一個標記此記錄!
Thư viện lưu trữ: Trung tâm Học liệu Trường Đại học Cần Thơ
LEADER 01103nam a2200241Ia 4500
001 CTU_137307
008 210402s9999 xx 000 0 und d
020 |c 12.95 
082 |a 973.09 
082 |b H922 
100 |a Humes, James C. 
245 0 |a Which president killed a man? : 
245 0 |b Tantalizing trivia and fun facts about our chief executives and first ladies 
245 0 |c James Humes ; Illustrations by William Bramhall 
260 |a Chicago 
260 |b Contemporary Books 
260 |c 2003 
520 |a Written by a White House speechwriter who actually served five presidents, this irresistible collection of presidential trivia reveals the more colorful side of American history. Following a QAndA format and organized around 31 themes, Which President Killed a Man? will captivate trivia fans and history buffs of every political persuasion. 
650 |a Presidents,Presidents,Tổng thống 
650 |x History,Lịch sử 
650 |z United States,United States,Nước Mỹ 
904 |i Giang 
980 |a Trung tâm Học liệu Trường Đại học Cần Thơ